Joe Locke Filmography - Statistics

General Stats
  • This quiz has been taken 9 times
    4 since last reset
  • The average score is 4 of 8
Answer Stats
Type Year Name % Correct
TV Show 2022 Celebrity Gogglebox
100%
Web Series 2022-2024 Heartstopper
100%
Theater 2024 Sweeney Todd: The Demon Barber of Fleet Street
100%
Web Mini-Series 2024 Agatha All Along
50%
TV Special 2023 Joe Lycett's Big Pride Party
50%
TV Show TBA Champions
0%
TV Show 2024 The Great Celebrity Bake Off for SU2C
0%
Theater 2022 The Trials
0%
No matching quizzes found
Score Distribution
Percent of People with Each Score
Percentile by Number Answered
Your Score History
You have not taken this quiz since the last reset